Normal view
MARC view
- Business.
Entry Topical Term
001 - CONTROL NUMBER
- control field: 46927
003 - CONTROL NUMBER IDENTIFIER
- control field: OSt
005 - DATE AND TIME OF LATEST TRANSACTION
- control field: 20221129141643.0
008 - FIXED-LENGTH DATA ELEMENTS
- fixed length control field: 221129|| aca||aabn | a|a d
040 ## - CATALOGING SOURCE
- Original cataloging agency: OSt
- Transcribing agency: OSt
150 ## - HEADING--TOPICAL TERM
- Topical term or geographic name entry element: Business.
670 ## - SOURCE DATA FOUND
- Source citation: Work cat.: (OSt): Rivera, Danessa. 46926, DOE launches online monitoring, trading platform for RE certificates /, December 19, 2019.
